000 00391nam a2200157 4500
001 113913
003 ES-MaACL
005 20230906190031.0
007 t|
008 061121s1933 xxk r ||||1| eng d
100 1 _aNordhoff, Charles.
_985966
245 1 0 _aMutiny /
_cCharles Nordhoff.
260 _aLondon :
_b[s.n.],
_c1933.
300 _a416 p. ;
_c20 cm.
852 _aES-MaACL
_jA-3689
999 _c113913
_d113913